LEADER 01186cam0-22003251i-450- 001 990005265240403321 005 20140220143028.0 035 $a000526524 035 $aFED01000526524 035 $a(Aleph)000526524FED01 035 $a000526524 100 $a19990604d1809----km-y0itay50------ba 101 0 $agrc$alat 102 $aDE 140 $aa-------------------bb0----- 200 1 $aNonni Dionysiacorum libri sex, ab octavo ad decimum tertium, res bacchicas ante expeditionem indicam complectentes. Emendavit omnium Nonni librorum argumenta et notas mythologicas adjecit Georgius Henricus Moser ... praefatus est Fridericus Creuzer 210 $aHeidelbergae$cex libraria Mohrii et Zimmeri Academia$d1809 215 $aVIII, 281, [1] p.$d21 cm 500 10$aDionysiaca$m$918335 676 $a883.02$v22$zita 700 0$aNonnus :$cPanopolitanus$f<6. saec.>$0155488 702 1$aCreuzer,$bGeorg Friedrich$f<1771-1858> 702 1$aMoser,$bGeorgius Henricus 801 0$aIT$bUNINA$gRICA$2UNIMARC 901 $aAQ 912 $a990005265240403321 952 $aSG 880/B 41$bARCH. 13938$fFLFBC 959 $aFLFBC 996 $aDionysiaca$918335 997 $aUNINA LEADER 02358nam2-2200397---450- 001 990005875640203316 005 20130729123929.0 010 $a978-92-9241-033-9 035 $a000587564 035 $aUSA01000587564 035 $a(ALEPH)000587564USA01 035 $a000587564 100 $a20130725d2012----km-y0itaa50------ba 101 0 $aita 102 $aLU 105 $a||||||||001yy 200 1 $aEfficacia in termini di costi/benefici degli investimenti della politica di coesione nel campo dell?efficienza energetica$fCorte dei conti europea 210 $aLussemburgo$cUfficio delle pubblicazioni dell'Unione europea$d2012 215 $a37 p.$d30 cm 225 2 $aRelazione speciale$v21/2012 330 $aLa Corte ha valutato se gli investimenti della politica di coesione nel campo dell?efficienza energetica fossero efficaci in termini di costi/benefici. La Corte conclude che nelle fasi di programmazione e finanziamento non sono state create le condizioni adeguate e che il periodo di rimborso medio pianificato del capitale investito nei progetti di efficienza energetica nell?edilizia pubblica sottoposti a controllo era lungo (50 anni circa). La Corte raccomanda alla Commissione di subordinare la concessione dei finanziamenti alle misure di efficienza energetica nell?ambito della politica di coesione ad un?adeguata valutazione del fabbisogno, ad un monitoraggio regolare e all?impiego di indicatori di performance confrontabili, nonché all?uso di criteri di selezione trasparenti e a costi di investimento standard per unità di energia da risparmiare, con un periodo massimo accettabile di rimborso non attualizzato del capitale investito. [Ed.] 410 0$1001000351941$aRelazione speciale 606 0 $aRisparmio energetico$xFinanziamenti comunitari$2BNCF 676 $a333.79094 699 $a08.11$bRisparmio energetico 710 02$aCorte dei conti europea$0541549 801 0$aIT$bsalbc$gISBD 856 4 $uhttp://bookshop.europa.eu/uri?target=EUB:NOTICE:QJAB12021:IT:HTML$4.$zAccesso libero online 912 $a990005875640203316 951 $aCDE 08.11 (XXVII)$bCDE 2941$cCDE 08.11$d00140664 959 $aBK 969 $aCDE 979 $aMARIAS$b90$c20130725$lUSA01$h0929 979 $aMARIAS$b90$c20130729$lUSA01$h1239 996 $aEfficacia in termini di costi$91086026 997 $aUNISA